Buddhist Art of Bengal (Record no. 15708)
[ view plain ]
| 000 -LEADER | |
|---|---|
| fixed length control field | 004820000a22001930004500 |
| 001 - CONTROL NUMBER | |
| control field | 003815 |
| 003 - CONTROL NUMBER IDENTIFIER | |
| control field | MACL |
| 005 - DATE AND TIME OF LATEST TRANSACTION | |
| control field | 20150825134407.0 |
| 008 - FIXED-LENGTH DATA ELEMENTS--GENERAL INFORMATION | |
| fixed length control field | 150825b xxu||||| |||| 00| 0 eng d |
| 040 ## - CATALOGING SOURCE | |
| Original cataloging agency | MACL |
| Transcribing agency | MACL |
| 041 ## - LANGUAGE CODE | |
| Language code of text/sound track or separate title | English |
| 082 ## - DEWEY DECIMAL CLASSIFICATION NUMBER | |
| Classification number | 722.4/SEN |
| 100 ## - MAIN ENTRY--PERSONAL NAME | |
| Personal name | Sengupta, Anusua |
| 9 (RLIN) | 7333 |
| 245 ## - TITLE STATEMENT | |
| Title | Buddhist Art of Bengal |
| Statement of responsibility, etc. | Anusua Sengupta |
| 260 ## - PUBLICATION, DISTRIBUTION, ETC. (IMPRINT) | |
| Place of publication, distribution, etc. | New Delhi |
| Date of publication, distribution, etc. | 1993 |
| Name of publisher, distributor, etc. | Rahul, Publishing House, |
| 350 ## - PRICE (NR) (BK AM CF MU VM SE) [OBSOLETE] | |
| Price | 700 |
| 650 ## - SUBJECT ADDED ENTRY--TOPICAL TERM | |
| Topical term or geographic name as entry element | History |
| 9 (RLIN) | 7334 |
| 942 ## - ADDED ENTRY ELEMENTS (KOHA) | |
| Call number prefix | 722 |
| Koha item type | Books |
| Source of classification or shelving scheme | |
| Withdrawn status | Lost status | Source of classification or shelving scheme | Damaged status | Not for loan | Home library | Current library | Date acquired | Cost, normal purchase price | Total Checkouts | Full call number | Barcode | Date last seen | Date last checked out | Uniform Resource Identifier | Price effective from | Koha item type |
|---|---|---|---|---|---|---|---|---|---|---|---|---|---|---|---|---|
| MACL | MACL | 15/04/2015 | 700.00 | 2 | 722.4/SEN | CRE010794 | 02/11/2025 | 23/10/2025 | 15610 | 15/04/2015 | Books |









